000 00609nam a2200205 u 4500
005 20240706063902.0
008 110210s1991 es r 000 0 spa d
020 _a8472232956
035 _aUPN01000179355
049 _aCG
050 4 _aPQ4809 A4.8
_bC3.5
100 1 _aCalvino, Italo,
_d1923-1985
245 1 3 _aEl camino de San Giovanni /
_cItalo Calvino ; tr. Aurora Bernárdez.
260 _aBarcelona, Esp. :
_bTusquets,
_c1991.
300 _a166 p.
440 0 _aAndanzas ;
_v138
534 _pTítulo original:
_tLa strada di San Giovanni
650 4 _aLiteratura italiana
_95068
905 _aLibro
999 _c151458
_d151458